000 00504nas a2200193 i 4500
999 _c149746
_d149746
001 2-0081
003 PPAK
005 20180729123352.0
008 970115s my |||| ||||| | eng d
022 _a0127-0079 ; 9771675105000
040 _aPPAK
_beng
_cPPAK
_erda
245 0 0 _aHer World
264 1 _aSelangor:
_bBlu Inc Media Sdn Bhd,
336 _2rdacontent
_atext
337 _2rdamedia
_aunmediated
338 _2rdacarrier
_avolume
650 1 0 _aWomen Malaysia - Periodicals
942 _cSR
_2ddc